000 00226 a2200097 4500
001 2303
100 _aDuncar, W J
245 _aPrinciples of control and stability of aircraft
260 _a
_bCambridge
_c
090 _c1667
_d1667
942 _aNUST-CAE
_cM
_c7413
999 _c237376
_d237376